000 03099cam a2200337 i 4500
001 23564031
003 AUA.1
005 20250408084030.0
008 250408s2024 nyu b 001 0 eng
010 _a 2024004675
020 _a9780197502297
_q(hardback)
040 _aDLC
_beng
_erda
_cDLC
_dDLC
_dJTL
042 _apcc
050 0 0 _aBX6106
_b.O94 2024
082 0 0 _a286.7/32
_223/eng/20240222
245 0 4 _aThe Oxford handbook of Seventh-Day Adventism /
_c[edited by] Michael W. Campbell, Christie Chui-Shan Chow, David F. Holland, Denis Kaiser, and Nicholas P. Miller ; with David F. Holland, associate editor.
260 _aNew York, NY :
_bOxford University Press,
_cc2024.
300 _axiv, 605 pages ;
_c26 cm
504 _aIncludes bibliographical references and index.
520 _a"Seventh-day Adventism is the largest religious group to have emerged out of the Millerite revivals of the 1840s. These revivals culminated in the expectation that Jesus would literally return to earth in 1844. After the hoped-for event did not materialize, Adventists searched for Biblical explanations. They wove together beliefs in the heavenly sanctuary, the seventh-day Sabbath, and Christian mortalism, into a cohesive theology. Along with their premillennial eschatology, these beliefs served as the foundation of a new denomination under the leadership of James and Ellen White, pastor and prophet respectively, and abolitionist reformer Joseph Bates. By the early twentieth century, the Adventist movement had spread around the globe. Cultural contributions include innovations in medical science, health foods, archaeology, and widespread educational initiatives. Adventism in its various forms is an important and emerging field of study. This handbook provides a comprehensive overview of its most influential manifestation. Part I starts with a section on the roots and religious context in which Adventism arose. Part II examines the Adventist commitment to the central role of the Bible as well as its relationship to Ellen G. White's writings. Part III offers an overview of Seventh-day Adventist theology. Part IV examines Adventist worship and ritual practices. Part V focuses on the structure, activities, and institutions of the Church. Part VI showcases the history and nature of Adventism across the globe. The final section reviews Adventist engagement in cultural, social, and political issues"--
650 0 _aSeventh-Day Adventists.
700 1 _aCampbell, Michael W.
_c(Teacher of Systematic Theology),
_eeditor.
700 1 _aChow, Christie Chui-Shan,
_eeditor.
700 1 _aHolland, David F.,
_eeditor.
700 1 _aKaiser, Denis,
_eeditor.
700 1 _aMiller, Nicholas Patrick,
_eeditor.
776 0 8 _iOnline version:
_tOxford handbook of Seventh-Day Adventism
_dNew York, NY : Oxford University Press, [2024]
_z9780197502310
_w(DLC) 2024004676
906 _a7
_bcbc
_corignew
_d1
_eecip
_f20
_gy-gencatlg
942 _2lcc
_cBOOK
_hBX 6106
_i.O94 2024
999 _c25052
_d25052